It looks like you're offline.
Open Library logo
additional options menu

MARC Record from Scriblio

Record ID marc_records_scriblio_net/part15.dat:211396632:781
Source Scriblio
Download Link /show-records/marc_records_scriblio_net/part15.dat:211396632:781?format=raw

LEADER: 00781cam 2200253 a 4500
001 82010604
003 DLC
005 19990716000000.0
008 820715s1982 nyua j 000 1 eng
010 $a 82010604
020 $a0819310999
020 $a0819311006 (lib. bdg.)
040 $aDLC$cDLC$dDLC
042 $alcac
050 00 $aPZ8.3.K899$bGo 1982
082 00 $a[E]$219
100 1 $aKroll, Steven.
245 14 $aThe goat parade /$cby Steven Kroll ; pictures by Tim Kirk.
260 $aNew York :$bParents Magazine Press,$cc1982.
300 $a[40] p. :$bcol. ill. ;$c23 cm.
520 $aA young boy finds himself inadvertently leading an extraordinary parade of goats into his school.
650 1 $aGoats$xFiction.
650 1 $aStories in rhyme.
700 1 $aKirk, Tim,$eill.